<?xml version="1.0" encoding="UTF-8"?>
<record
    xmlns:xsi="http://www.w3.org/2001/XMLSchema-instance"
    xsi:schemaLocation="http://www.loc.gov/MARC21/slim http://www.loc.gov/standards/marcxml/schema/MARC21slim.xsd"
    xmlns="http://www.loc.gov/MARC21/slim">

  <leader>01542nam0a2200361 i 4500</leader>
  <controlfield tag="001">RU\NLR\BIBL_A\010853090</controlfield>
  <controlfield tag="005">20240921140252.0</controlfield>
  <datafield tag="010" ind1=" " ind2=" ">
    <subfield code="a">9785438608615</subfield>
    <subfield code="9">100</subfield>
  </datafield>
  <datafield tag="021" ind1=" " ind2=" ">
    <subfield code="a">RU</subfield>
    <subfield code="b">2015-62603</subfield>
    <subfield code="9">3724</subfield>
  </datafield>
  <datafield tag="035" ind1=" " ind2=" ">
    <subfield code="a">(NILC)RuMoRGB-007998263</subfield>
  </datafield>
  <datafield tag="035" ind1=" " ind2=" ">
    <subfield code="a">(NLR Aleph) 010853090</subfield>
  </datafield>
  <datafield tag="090" ind1=" " ind2=" ">
    <subfield code="a">10382413</subfield>
    <subfield code="c">10382413</subfield>
  </datafield>
  <datafield tag="100" ind1=" " ind2=" ">
    <subfield code="a">20150930d2015    km y0rusy50      ca</subfield>
  </datafield>
  <datafield tag="101" ind1="0" ind2=" ">
    <subfield code="a">rus</subfield>
  </datafield>
  <datafield tag="102" ind1=" " ind2=" ">
    <subfield code="a">RU</subfield>
  </datafield>
  <datafield tag="105" ind1=" " ind2=" ">
    <subfield code="a">y|||z||||01yy</subfield>
  </datafield>
  <datafield tag="200" ind1="1" ind2=" ">
    <subfield code="a">&#x421;&#x43E;&#x445;&#x440;&#x430;&#x43D;&#x435;&#x43D;&#x438;&#x435; &#x438; &#x442;&#x440;&#x430;&#x43D;&#x441;&#x444;&#x43E;&#x440;&#x43C;&#x430;&#x446;&#x438;&#x44F; &#x44D;&#x442;&#x43D;&#x43E;&#x43A;&#x443;&#x43B;&#x44C;&#x442;&#x443;&#x440;&#x43D;&#x43E;&#x439; &#x438;&#x434;&#x435;&#x43D;&#x442;&#x438;&#x447;&#x43D;&#x43E;&#x441;&#x442;&#x438; &#x432; &#x443;&#x441;&#x43B;&#x43E;&#x432;&#x438;&#x44F;&#x445; &#x44D;&#x43C;&#x438;&#x433;&#x440;&#x430;&#x446;&#x438;&#x438; (&#x43D;&#x430; &#x43F;&#x440;&#x438;&#x43C;&#x435;&#x440;&#x435; &#x442;&#x44E;&#x440;&#x43A;&#x43E;-&#x442;&#x430;&#x442;&#x430;&#x440;&#x441;&#x43A;&#x43E;&#x439; &#x434;&#x438;&#x430;&#x441;&#x43F;&#x43E;&#x440;&#x44B; &#x421;&#x428;&#x410;)</subfield>
    <subfield code="f">&#x41B;. &#x420;. C&#x430;&#x434;&#x44B;&#x43A;&#x43E;&#x432;&#x430;</subfield>
  </datafield>
  <datafield tag="210" ind1=" " ind2=" ">
    <subfield code="a">&#x421;&#x430;&#x43D;&#x43A;&#x442;-&#x41F;&#x435;&#x442;&#x435;&#x440;&#x431;&#x443;&#x440;&#x433;</subfield>
    <subfield code="c">&#x421;&#x432;&#x43E;&#x451; &#x438;&#x437;&#x434;-&#x432;&#x43E;</subfield>
    <subfield code="d">2015</subfield>
  </datafield>
  <datafield tag="215" ind1=" " ind2=" ">
    <subfield code="a">167 &#x441;.</subfield>
    <subfield code="c">&#x438;&#x43B;.</subfield>
    <subfield code="d">21</subfield>
  </datafield>
  <datafield tag="300" ind1=" " ind2=" ">
    <subfield code="a">&#x41D;&#x430; 4-&#x439; &#x441;. &#x43E;&#x431;&#x43B;. &#x430;&#x432;&#x442;.: &#x41B;. &#x420;. &#x421;&#x430;&#x434;&#x44B;&#x43A;&#x43E;&#x432;&#x430;, &#x43A;. &#x438;&#x441;&#x442;. &#x43D;., &#x43F;&#x440;&#x435;&#x43F;.</subfield>
  </datafield>
  <datafield tag="320" ind1=" " ind2=" ">
    <subfield code="a">&#x411;&#x438;&#x431;&#x43B;&#x438;&#x43E;&#x433;&#x440;. &#x432; &#x43F;&#x43E;&#x434;&#x441;&#x442;&#x440;&#x43E;&#x447;. &#x43F;&#x440;&#x438;&#x43C;&#x435;&#x447;.</subfield>
  </datafield>
  <datafield tag="606" ind1="1" ind2=" ">
    <subfield code="a">&#x422;&#x430;&#x442;&#x430;&#x440;&#x44B;</subfield>
    <subfield code="y">&#x421;&#x43E;&#x435;&#x434;&#x438;&#x43D;&#x435;&#x43D;&#x43D;&#x44B;&#x435; &#x428;&#x442;&#x430;&#x442;&#x44B; &#x410;&#x43C;&#x435;&#x440;&#x438;&#x43A;&#x438;</subfield>
    <subfield code="9">2261773</subfield>
    <subfield code="3">RU\NLR\AUTH\6601585866</subfield>
  </datafield>
  <datafield tag="606" ind1="1" ind2=" ">
    <subfield code="a">&#x42D;&#x43C;&#x438;&#x433;&#x440;&#x430;&#x446;&#x438;&#x44F; &#x438; &#x438;&#x43C;&#x43C;&#x438;&#x433;&#x440;&#x430;&#x446;&#x438;&#x44F;</subfield>
    <subfield code="y">&#x420;&#x43E;&#x441;&#x441;&#x438;&#x44F;</subfield>
    <subfield code="9">2252304</subfield>
    <subfield code="3">RU\NLR\AUTH\661350898</subfield>
  </datafield>
  <datafield tag="610" ind1="0" ind2=" ">
    <subfield code="a">&#x442;&#x430;&#x442;&#x430;&#x440;&#x441;&#x43A;&#x430;&#x44F; &#x434;&#x438;&#x430;&#x441;&#x43F;&#x43E;&#x440;&#x430;</subfield>
  </datafield>
  <datafield tag="610" ind1="0" ind2=" ">
    <subfield code="a">&#x442;&#x430;&#x442;&#x430;&#x440;&#x44B; &#x421;&#x428;&#x410;</subfield>
  </datafield>
  <datafield tag="686" ind1=" " ind2=" ">
    <subfield code="a">&#x422;3(7&#x421;&#x428;&#x410;9=)6,02</subfield>
  </datafield>
  <datafield tag="686" ind1="1" ind2=" ">
    <subfield code="a">&#x422;3(2)0-274</subfield>
  </datafield>
  <datafield tag="700" ind1=" " ind2="1">
    <subfield code="a">&#x421;&#x430;&#x434;&#x44B;&#x43A;&#x43E;&#x432;&#x430;</subfield>
    <subfield code="b">&#x41B;. &#x420;.</subfield>
    <subfield code="g">&#x41B;&#x438;&#x430;&#x43D;&#x430; &#x420;&#x438;&#x444;&#x43E;&#x432;&#x43D;&#x430;</subfield>
  </datafield>
  <datafield tag="801" ind1=" " ind2="0">
    <subfield code="a">RU</subfield>
    <subfield code="b">&#x420;&#x413;&#x411;</subfield>
    <subfield code="c">20150817</subfield>
    <subfield code="g">RCR</subfield>
  </datafield>
  <datafield tag="942" ind1=" " ind2=" ">
    <subfield code="c">BOOK</subfield>
  </datafield>
  <datafield tag="980" ind1=" " ind2=" ">
    <subfield code="a">NBR</subfield>
  </datafield>
</record>
